[Event "EU-ch Hybrid U10"]
[Site "Tornelo INT"]
[Date "2021.10.15"]
[Round "8"]
[White "Alonso Gimenez, Mauro"]
[Black "Rosa, Jose Lourenco Jesus"]
[Result "1-0"]
[WhiteElo "1533"]
[BlackElo "1269"]
[PlyCount "49"]
[EventDate "2021.10.15"]
[EventType "swiss"]
[EventRounds "9"]
[EventCountry "NET"]
[SourceTitle "EXT 2023"]
[Source "ChessBase"]
[SourceDate "2022.10.05"]
[SourceVersion "1"]
[SourceVersionDate "2022.10.05"]
[SourceQuality "1"]
[WhiteTeam "Spain"]
[BlackTeam "Portugal"]
[WhiteTeamCountry "ESP"]
[BlackTeamCountry "POR"]

1. e4 c5 2. Nf3 g6 3. d4 cxd4 4. Nxd4 Nc6 5. f4 e5 6. Nf3 Bg7 7. Bc4 Nge7 8. 0-0 0-0 9. f5 Kh8 10. Ng5 d5 11. exd5 Na5 12. d6 Nxc4 13. dxe7 Qxe7 14. fxg6 fxg6 15. Nc3 Qc5+ 16. Kh1 Ne3 17. Rxf8+ Bxf8 18. Bxe3 Qxe3 19. Qd8 Qf2 20. Nce4 Qf5 21. Ng3 Qf4 22. Rf1 Qb4 23. Rxf8+ Kg7 24. Rf7+ Kh6 25. Rxh7# 1-0

[Event "Girona Gerunda op"]
[Site "Girona"]
[Date "2021.07.21"]
[Round "5"]
[White "Alonso Gimenez, Mauro"]
[Black "Benet Saniger, Xavier"]
[Result "1/2-1/2"]
[WhiteElo "1677"]
[BlackElo "1940"]
[PlyCount "57"]
[EventDate "2021.07.19"]
[EventType "swiss"]
[EventRounds "9"]
[EventCountry "ESP"]
[SourceTitle "EXT 2022"]
[Source "ChessBase"]
[SourceDate "2021.10.06"]
[SourceVersion "1"]
[SourceVersionDate "2021.10.06"]
[SourceQuality "1"]

1. e4 c6 2. d4 d5 3. exd5 cxd5 4. Bd3 Nf6 5. Nf3 Bg4 6. c3 e6 7. Bg5 Bd6 8. Nbd2 0-0 9. Qc2 h6 10. Bh4 Nbd7 11. h3 Bf5 12. 0-0 Bxd3 13. Qxd3 Qc7 14. c4 g5 15. c5 Bf4 16. Bg3 Bxg3 17. fxg3 Qxg3 18. Ne5 Qxd3 19. Nxd3 Kg7 20. Rad1 a5 21. a4 Rfc8 22. Rfe1 Rf8 23. Rf1 Nh5 24. Nf3 Ng3 25. Rfe1 Ne4 26. Re2 f6 27. Nd2 Nxd2 28. Rdxd2 Kf7 29. Re1 1/2-1/2